000
00201 a2200097 4500
001
30287
100
_a
Duthic Eric
245
_a
Wild company
260
_a
London
_b
Heinemann
_c
090
_c
20231
_d
20231
942
_a
NUST-CAE
_c
M
_c
11372
999
_c
265360
_d
265360